|
|
|
|
| LEADER |
00000nas a2200000 a 4500 |
| 001 |
ssj0017240 |
| 003 |
WaSeSS |
| 005 |
20200512172242.0 |
| 006 |
m d |
| 007 |
cr n |
| 008 |
790510c19469999nyumr p s 0 a0eng c |
| 010 |
|
|
|a sn 79002777
|
| 022 |
|
|
|l 0034-0707
|y 0034-0707
|
| 032 |
|
|
|a 504410
|b USPS
|
| 035 |
|
|
|a (WaSeSS)ssj0017240
|
| 040 |
|
|
|a NSD
|b eng
|c NSD
|d FUG
|d DLC
|d FUG
|d NST
|d MYG
|d NSD
|d MYG
|d DLC
|d OCL
|d NSD
|d UMC
|d SERSO
|d OCLCQ
|d OCLCF
|d GILDS
|d OCLCO
|d OCLCQ
|d WaSeSS
|
| 042 |
|
|
|a nsdp
|a pcc
|
| 043 |
|
|
|a n-us---
|
| 050 |
0 |
0 |
|a HD251
|b .R197
|
| 082 |
1 |
0 |
|a 333
|2 12
|
| 210 |
0 |
|
|a Real estate forum
|
| 222 |
|
0 |
|a Real estate forum
|
| 245 |
0 |
0 |
|a Real estate forum
|h [electronic resource].
|
| 246 |
1 |
8 |
|a Forum
|
| 260 |
|
|
|a New York, N.Y. :
|b Real Estate Forum, Inc.
|
| 310 |
|
|
|a Monthly
|
| 362 |
1 |
|
|a Began in 1946.
|
| 506 |
|
|
|a License restrictions may limit access.
|
| 515 |
|
|
|a Feb. issue called also: Annual review.
|
| 588 |
|
|
|a Description based on: Vol. 45, no. 2 (Feb. 1990); title from cover.
|
| 588 |
|
|
|a Latest issue consulted: Vol. 62, no. 3 (Mar. 2007) = 782nd issue.
|
| 650 |
|
0 |
|a Real estate business
|z United States
|v Periodicals.
|
| 650 |
|
7 |
|a Real estate business.
|2 fast
|0 (OCoLC)fst01090898
|
| 651 |
|
7 |
|a United States.
|2 fast
|0 (OCoLC)fst01204155
|
| 655 |
|
0 |
|a Electronic journals.
|
| 770 |
0 |
|
|t Global real estate forecast
|x 1936-3079
|w (DLC) 2005235822
|w (OCoLC)52610711
|
| 850 |
|
|
|a DLC
|a FU
|a MCM
|a MH-BA
|a NN
|a NcU
|a PU-W
|a ViU
|
| 856 |
4 |
0 |
|z Full text available from Research Library: 09/01/2001 to present
|u https://search.proquest.com/publication/33581
|